Love lessons / (Record no. 21458)

MARC details
000 -LEADER
fixed length control field 02551nam a2200397 a 4500
005 - DATE AND TIME OF LATEST TRANSACTION
control field 20070123135723.0
008 - FIXED-LENGTH DATA ELEMENTS--GENERAL INFORMATION
fixed length control field 000601r20011996nyua c 000 1 eng
010 ## - LCCN (DPL NO)
LC control number B-335967-973
020 ## - INTERNATIONAL STANDARD BOOK NUMBER
International Standard Book Number 0552553522
020 ## - INTERNATIONAL STANDARD BOOK NUMBER
International Standard Book Number 9780552553520
Terms of availability 220.00
035 ## - SYSTEM CONTROL NUMBER
System control number B-335967-973
037 ## - SOURCE OF ACQUISITION
Source of stock number/acquisition Blueberry Books
040 ## - CATALOGING SOURCE
Original cataloging agency DPL
Language of cataloging English
082 ## - DEWEY DECIMAL CLASSIFICATION NUMBER
Classification number S
100 ## - MAIN ENTRY--PERSONAL NAME
Personal name Wilson, Jacqueline.
245 ## - TITLE STATEMENT
Title Love lessons /
Statement of responsibility, etc by Jacqueline Wilson ; illustrations by Nick Sharratt.
260 ## - PUBLICATION, DISTRIBUTION, ETC. (IMPRINT)
Place of publication, distribution, etc London
Name of publisher, distributor, etc Random House Children's Company
Date of publication, distribution, etc 2006.
270 ## - ADDRESS
Address 61-63 Uxbridge Road,
City London W5 5SA
300 ## - PHYSICAL DESCRIPTION
Extent 263 p. :
Other physical details ill. ;
Dimensions 20 cm.
520 ## - SUMMARY, ETC.
Summary, etc Ten-year-old Mandy must endure torment from three nasty bullies in school, but she finds solace in a new friendship with an older girl.
650 ## - SUBJECT ADDED ENTRY--TOPICAL TERM
Form subdivision Fiction.
651 ## - SUBJECT ADDED ENTRY--GEOGRAPHIC NAME
Geographic name England
Form subdivision Fiction.
700 ## - ADDED ENTRY--PERSONAL NAME
Personal name Sharratt, Nick,
Relator term ill.
856 ## - ELECTRONIC LOCATION AND ACCESS
Materials specified Contributor biographical information
Uniform Resource Identifier <a href="http://www.loc.gov/catdir/bios/random052/00043072.html">http://www.loc.gov/catdir/bios/random052/00043072.html</a>
856 ## - ELECTRONIC LOCATION AND ACCESS
Materials specified Sample text
Uniform Resource Identifier <a href="http://www.loc.gov/catdir/samples/random041/00043072.html">http://www.loc.gov/catdir/samples/random041/00043072.html</a>
856 ## - ELECTRONIC LOCATION AND ACCESS
Materials specified Publisher description
Uniform Resource Identifier <a href="http://www.loc.gov/catdir/description/random043/00043072.html">http://www.loc.gov/catdir/description/random043/00043072.html</a>
942 ## - ADDED ENTRY ELEMENTS (KOHA)
Source of classification or shelving scheme Dewey Decimal Classification
Item type English Books
Classification part S
Call number suffix WIL
Holdings
Withdrawn status Lost status Source of classification or shelving scheme Damaged status Not for loan Collection code Home library Current library Date acquired Source of acquisition Cost, normal purchase price Total Checkouts Full call number Barcode Date last seen Copy number Cost, replacement price Koha item type Checked out
  Written-off vide DLB M. No. 383 dt 16.05.19 Dewey Decimal Classification     Fiction Central Library Central Library 22/05/2010 Blueberry Books/5140/26.05.09/3/24.04.09/03.06.09 220.00   S WIL B-335967 22/05/2010 1 220.00 Children Books  
    Dewey Decimal Classification     Fiction Jor Bagh (Children Lib) Jor Bagh (Children Lib) 22/05/2010 Blueberry Books/5140/26.05.09/3/24.04.09/03.06.09 220.00   S WIL B-335970 22/05/2010 1 220.00 Children Books  
    Dewey Decimal Classification     Fiction Karol Bagh Karol Bagh 22/05/2010 Blueberry Books/5140/26.05.09/3/24.04.09/03.06.09 220.00   S WIL B-335972 22/05/2010 1 220.00 Children Books  
    Dewey Decimal Classification     Fiction Patel Nagar Patel Nagar 22/05/2010 Blueberry Books/5140/26.05.09/3/24.04.09/03.06.09 220.00   S WIL B-335968 22/05/2010 1 220.00 Children Books  
    Dewey Decimal Classification     Fiction Sarojini Nagar Sarojini Nagar 22/05/2010 Blueberry Books/5140/26.05.09/3/24.04.09/03.06.09 220.00   S WIL B-335969 22/05/2010 1 220.00 Children Books  
  Written-off vide DLB M. No. 383 dt 16.05.19 Dewey Decimal Classification     Fiction Shahdara Branch Shahdara Branch 22/05/2010 Blueberry Books/5140/26.05.09/3/24.04.09/03.06.09 220.00   S WIL B-335973 22/05/2010 1 220.00 Children Books  
    Dewey Decimal Classification     Fiction Vinoba Puri Vinoba Puri 22/05/2010 Blueberry Books/5140/26.05.09/3/24.04.09/03.06.09 220.00 5 S WIL B-335971 10/06/2011 1 220.00 Children Books 24/06/2011

© Delhi Public Library
Hit Counter
free hit counter